LEADER 01759nam0 22004213i 450 001 RAV0226613 005 20231121125639.0 010 $a8879890352 020 $aIT$b95-231s 100 $a19960702d1993 ||||0itac50 ba 101 | $aita 102 $ait 181 1$6z01$ai $bxxxe 182 1$6z01$an 200 1 $a˜I œsindaci di Roma$fAlberto Caracciolo 210 $aRoma$cDonzelli$d\1993! 215 $aVII, 93 p.$d19 cm. 225 | $aInterventi$v6 410 0$1001LO10263408$12001 $aInterventi$v6 606 $aAmministrazione$xRoma$2FIR$3RMLC065230$9I 606 $aRoma$xSindaci$2FIR$3RMLC065231$9I 676 $a352.04562$9$v21 676 $a352.045632$9AMMINISTRAZIONE LOCALE. Roma$v21 700 1$aCaracciolo$b, Alberto$f <1926-2002>$3CFIV014153$4070$010353 790 1$aCaracciolo$b, Alberto Maria$3CFIV233354$zCaracciolo, Alberto <1926-2002> 801 3$aIT$bIT-01$c19960702 850 $aIT-RM028 $aIT-RM0289 $aIT-RM0211 $aIT-RM1248 $aIT-RM0460 $aIT-FR0017 899 $aBiblioteca Universitaria Alessandrina$bRM028 899 $aBiblioteca Statale A. Baldini$bRM0289 899 $aFondazione Marco Besso$bRM0211 899 $aBiblioteca Della Fondazione Pietro Nenni$bRM1248 899 $aBiblioteca Dell' Archivio Centrale Dello Stato$bRM0460 899 $aBiblioteca umanistica Giorgio Aprea$bFR0017 912 $aRAV0226613 950 0$aBiblioteca umanistica Giorgio Aprea$d 52DES 352 Car.Sin.$e 52BUN0000369595 VMB RS $fA $h20130306$i20130306 977 $a 01$a 04$a 14$a 23$a 27$a 52 996 $aSindaci di Roma$92902110 997 $aUNICAS